Normal view
MARC view
- companions
Entry Topical Term
001 - CONTROL NUMBER
- control field: 118639
003 - CONTROL NUMBER IDENTIFIER
- control field: NUST
005 - DATE AND TIME OF LATEST TRANSACTION
- control field: 20231123175208.0
008 - FIXED-LENGTH DATA ELEMENTS
- fixed length control field: 231123|| aca||aabn | a|a d
040 ## - CATALOGING SOURCE
- Original cataloging agency: NUST
- Transcribing agency: NUST
150 ## - HEADING--TOPICAL TERM
- Topical term or geographic name entry element: companions
670 ## - SOURCE DATA FOUND
- Source citation: Work cat.: (NUST): Allama Saim Chishti 118638, Ali Ali (عَلَيْهِ ٱلسَّلَامُ),hay/, -
